Guess the player by the chant - arsenal women - Statistieken

Algemene statistieken
  • Deze quiz is 10 keer genomen
  • De gemiddelde score is 5 van 10
Antwoordstatistieken
Hint Antwoord % Correct
[NAME] wooooahhh,
[NAME], wooooaahhh
She came from Amsterdam,
She is an Arsenal fan
Victoria Pelova
100%
[NAME], [NAME], [NAME] [NAME] [NAME] [LAST NAME]
She scores the goooooooals
She scores the goooooaalls
Stina Blackstenius
71%
She's red, she's white
She loves the vegemite
She's [NAME], [NAME]
Caitlin Foord
57%
[NAME] from America (woah)
[NAME] from America
(woah) What a sight to see her in red and white
Emily Fox
57%
Ooooo, baby, do you know what that’s worth? [NAME] is the best on Earth, The great Norwegian is what we need, She’s gonna win us the Super League Frida Maanum
57%
We've got [NAME], [NAME]
I just don't think you understand
She plays out on the wing
She hits with a zing
We've got [NAME]
Katie McCabe
57%
[NAME], we’ve got (*clap clap*)
[NAME], we’ve got (*clap clap*) [NAME], we’ve got (*clap clap*) [NAME], we’ve got (*clap clap*)
Alessia Russo
29%
[NAME, NAME, NAME!] Oi, Oi, Oi[NAME, NAME, NAME!]
Oi, Oi, Oi
Kim Little
29%
I don’t know about you But I’m feeling 22 Everything will be alright When [NAME]’s next to you Jenna Nighswonger
14%
When she’s on the ball,
she’s fucking magical,
[NAME],
Oi, Oi, Oi
Kyra Cooney-Cross
14%
Geen overeenkomende quizzen gevonden
Scoreverdeling
Procent van Mensen met Elke Score
Percentiel versus Aantal Correcte Antwoorden
Uw Scoregeschiedenis
U heeft deze quiz nog niet genomen